Southville International School and Colleges
Your cart is empty.
  • Cart
  • Lists
    Public lists Eva Luna New books Lux_list list_1
    Your lists Log in to create your own lists
  • Log in to your account
  • Your cookies
  • Search history
Southville International School and Colleges
  • Advanced search
  • Recent comments
  • Most popular
  • Libraries

Log in to your account

Log in with GOOGLE


If you do not have an external account, but do have a local account, you can still log in:

  1. Home
  2. MARC view: Rich Dad's before you quit your job:
Normal view MARC view ISBD view

Rich Dad's before you quit your job: (Record no. 24316)

[ view plain ]
MARC details
000 -LEADER
fixed length control field 00697nam a2200205 a 4500
005 - DATE AND TIME OF LATEST TRANSACTION
control field 20140310183517.0
008 - FIXED-LENGTH DATA ELEMENTS--GENERAL INFORMATION
fixed length control field 110104s19uu xx 00 eng d
020 ## - INTERNATIONAL STANDARD BOOK NUMBER
International Standard Book Number 046669374
050 ## - LIBRARY OF CONGRESS CALL NUMBER
Classification number HD 62.5
Item number .K96 2005
100 ## - MAIN ENTRY--PERSONAL NAME
Personal name Kiyosaki, Robert
245 ## - TITLE STATEMENT
Title Rich Dad's before you quit your job:
Remainder of title ten real-life lessons every entrepreneur should know about building/ a multimillion-dollar business.
Statement of responsibility, etc Robert T. Kiyosaki.
260 ## - PUBLICATION, DISTRIBUTION, ETC. (IMPRINT)
Place of publication, distribution, etc New York :
Name of publisher, distributor, etc Time warner Business Book,
Date of publication, distribution, etc 2005.
300 ## - PHYSICAL DESCRIPTION
Extent 258 p. :
Other physical details ill. ;
Dimensions 23 cm.
521 ## - TARGET AUDIENCE NOTE
Target audience note
650 ## - SUBJECT ADDED ENTRY--TOPICAL TERM
Topical term or geographic name as entry element New business enterprises.
650 ## - SUBJECT ADDED ENTRY--TOPICAL TERM
Topical term or geographic name as entry element Entrepreneurship.
700 ## - ADDED ENTRY--PERSONAL NAME
Personal name with Sharon Lechter
942 ## - ADDED ENTRY ELEMENTS (KOHA)
Koha item type Books
Source of classification or shelving scheme Library of Congress Classification
Call number prefix Foreign

No items available.

Rich Dad's before you quit your job:

APA

Kiyosaki R., with Sharon Lechter, . (2005). Rich Dad's before you quit your job. New York: Time warner Business Book.

Chicago

Kiyosaki Robert, with Sharon Lechter, . 2005. Rich Dad's before you quit your job. New York: Time warner Business Book.

Harvard

Kiyosaki R., with Sharon Lechter, . (2005). Rich Dad's before you quit your job. New York: Time warner Business Book.

MLA

Kiyosaki Robert, with Sharon Lechter, . Rich Dad's before you quit your job. New York: Time warner Business Book. 2005.

  • Print
  • Cite
  • Add to your cart (remove)
  • Save record
    BIBTEX Dublin Core MARCXML MARC (non-Unicode/MARC-8) MARC (Unicode/UTF-8) MARC (Unicode/UTF-8, Standard) MODS (XML) RIS
  • More searches
    Search for this title in:
    Other Libraries (WorldCat) Other Databases (Google Scholar) Online Stores (Bookfinder.com) Open Library (openlibrary.org)

Exporting to Dublin Core...

SOUTHVILLE LIBRARY

Southville International School and Colleges Library

1281 Tropical Ave. Cor. Luxembourg St., BF Homes International, Las Pinas City

Tel. No. 8256374 / 252358 Loc. 117/146

Powered by Koha